000
00228 a2200097 4500
001
46619
100
_a
Imtiaz, Syed Taj
245
_a
Hafiz Abdullah key Dramey
260
_a
Lahore
_b
Majlis Taraqi Adab
_c
090
_c
29722
_d
29722
942
_a
NUST-CAE
_c
M
_c
21916
999
_c
281692
_d
281692